01188nam a2200193Ia 4500001001100000003001000011008004100021040002500062041001300087100002100100245008100121250001100202260009000213300001200303500026400315501011400579520026400693650003700957L100-51703IT-CnALBA170116s9999||||xx |||||||||||||| ||und|| aIT-CnALBAcIT-CnALBA aITALIANO aAMICI DI TOLSTOI 0aTOLSTOI IL PROFETA. INVITO ALLA LETTURA DEGLI SCRITTI FILOSOFICO-RELIGIOSI.  a1a ed. a NEGARINEbIL SEGNO DEI GABRIELLI ED. c2000 [1° Ed.:2000 - Ed.Ling.Originale: 2000] a148 p.  aLA VITA. OPERE SAGGISTICHE. DIARI E AGENDE. LE LETTERE. I CICLI DI LETTURA. LA NARRATIVA DEL SECONDO PERIODO. SINTESI DEL PENSIERO. FONTI E DOCUMENTI. LE COMUNITÀ E SOCIETÀ TOLSTOIANE. LA RUSSIA. LA CRITICA. LA RELIGIONE. LA PROFEZIA. TOLSTOI, GANDHI E MA aSocietà San Paolo EM - Piazza San Paolo, 14 - 12051 ALBA (CN) (non commercial uses only) ® Copyright 2017 aLA VITA. OPERE SAGGISTICHE. DIARI E AGENDE. LE LETTERE. I CICLI DI LETTURA. LA NARRATIVA DEL SECONDO PERIODO. SINTESI DEL PENSIERO. FONTI E DOCUMENTI. LE COMUNITÀ E SOCIETÀ TOLSTOIANE. LA RUSSIA. LA CRITICA. LA RELIGIONE. LA PROFEZIA. TOLSTOI, GANDHI E MA aFILOSOFIA E DISCIPLINE COLLEGATE